Top 10 Songs by Green Day - Statistics

General Stats
  • This quiz has been taken 3 times
  • The average score is 5 of 10
Answer Stats
Hint Answer % Correct
1 Boulevard of Broken Dreams
100%
2 American Idiot
67%
3 Basket Case
67%
6 Holiday
67%
4 Wake Me Up When September Ends
67%
9 21 Guns
33%
10 Good Riddance (Time of Your Life)
33%
7 Welcome to Paradise
33%
5 When I Come Around
33%
8 Brain Stew
0%
No matching quizzes found
Score Distribution
Percent of People with Each Score
Percentile by Number Answered
Your Score History
You have not taken this quiz